蝶古巴特技法全书 (Record no. 64126)

000 -LEADER
fixed length control field 00461nam a22001937a 4500
003 - CONTROL NUMBER IDENTIFIER
control field MPLRDC
005 - DATE AND TIME OF LATEST TRANSACTION
control field 20220104191157.0
008 - FIXED-LENGTH DATA ELEMENTS--GENERAL INFORMATION
fixed length control field 210129b ||||| |||| 00| 0 eng d
020 ## - INTERNATIONAL STANDARD BOOK NUMBER
International Standard Book Number 978-986-6086-41-0
082 ## - DEWEY DECIMAL CLASSIFICATION NUMBER
Classification number 426 ZXZ
100 ## - MAIN ENTRY--PERSONAL NAME
Personal name 周秀贞
245 ## - TITLE STATEMENT
Title 蝶古巴特技法全书
Statement of responsibility, etc.
250 ## - EDITION STATEMENT
Edition statement 初版
260 ## - PUBLICATION, DISTRIBUTION, ETC.
Place of publication, distribution, etc. 台湾
Name of publisher, distributor, etc. 麦浩斯出版
Date of publication, distribution, etc. 2011
300 ## - PHYSICAL DESCRIPTION
Other physical details
490 ## - SERIES STATEMENT
Series statement HAPPY DIY: 33
650 ## - SUBJECT ADDED ENTRY--TOPICAL TERM
Topical term or geographic name entry element 家庭工艺
942 ## - ADDED ENTRY ELEMENTS (KOHA)
Koha item type Book
-- 426 ZXZ
Holdings
Withdrawn status Lost status Source of classification or shelving scheme Damaged status Not for loan Collection code Home library Current library Shelving location Date acquired Cost, normal purchase price Total Checkouts Total Renewals Full call number Barcode Date last seen Date last checked out Price effective from Koha item type Public note
            Malaysian Public Library, Research and Development Centre Malaysian Public Library, Research and Development Centre   18/01/2012 51.40   2 426 ZXZ 00058264 18/03/2021 31/07/2013 18/03/2021 Book mplrdc

© 2022. Malaysian Public Library, Research and Development Centre. All Right ReservedE-mailmplrdc@help.edu.my 

Powered by Koha